Spoločná reč vlády a samosprávy
Vláda Slovenskej republiky a Združenie miest a obcí Slovenska podpísali 13. februára 2009 memorandum o spolupráci pri riešení dopadov finančnej a hospodárskej krízy na slovenskú spoločnosť. Kroky, ktoré chce vláda a obce i mestá podniknúť na ochranu obyvateľov pred ekonomickým, spoločenským a sociál...
Enregistré dans:
| Auteur principal: | |
|---|---|
| Format: | Chapitre de livre |
| Langue: | slovaque |
| Sujets: | |
| Tags: |
Pas de tags, Soyez le premier à ajouter un tag!
|
MARC
| LEADER | 00000naa$a2200000$$$4500 | ||
|---|---|---|---|
| 001 | 0091922 | ||
| 005 | 20231016090009.1 | ||
| 041 | 0 | |a slo | |
| 044 | |a SK | ||
| 245 | 1 | 0 | |a Spoločná reč vlády a samosprávy |c Peter Krútky |
| 520 | |a Vláda Slovenskej republiky a Združenie miest a obcí Slovenska podpísali 13. februára 2009 memorandum o spolupráci pri riešení dopadov finančnej a hospodárskej krízy na slovenskú spoločnosť. Kroky, ktoré chce vláda a obce i mestá podniknúť na ochranu obyvateľov pred ekonomickým, spoločenským a sociálnym prepadom. Zmeny vo financovaní. Snaha o dodržanie sociálneho zmieru. | ||
| 610 | 2 | 0 | |a kríza hospodárska |
| 610 | 2 | 0 | |a kríza finančná |
| 610 | 2 | 0 | |a vláda |
| 610 | 2 | 0 | |a samospráva |
| 610 | 2 | 0 | |a financovanie |
| 610 | 2 | 0 | |a zmier sociálny |
| 610 | 2 | 0 | |a Slovensko |
| 100 | 1 | |a Krútky, Peter | |